000 00682nam a2200205 i 4500
001 189920
003 ES-MaACL
005 20230906223605.0
007 t|
008 191227s1969 sp r ||||1| spa d
100 1 _aRuiz Ayúcar, Miguel.
_9100665
245 1 3 _aEl Evangelio
_b: explicación y espíritu /
_cMiguel Ruiz Ayucar.
260 _aMadrid [etc.] :
_bApostolado de la Prensa [etc.],
_c1969.
300 _a2 v. ;
_c19 cm.
490 1 _aObras del P. Miguel Ruiz Ayúcar ;
_v3, 4
630 0 4 _aBiblia.
_pN.T.
_pEvangelios-
_vComentarios.
_9165796
830 0 _aObras del P. Miguel Ruiz Ayúcar ;
_v3, 4
_9193466
852 _aES-MaACL
_jP-1251-3-4
999 _c189920
_d189920